Direito administrativo / (Record no. 9)
[ view plain ]
| 000 -LÍDER | |
|---|---|
| Campo Fixo de Controle | 00695nam a22002417a 4500 |
| 001 - NÚMERO DE CONTROLE | |
| Campo de Controle | 9 |
| 003 - IDENTIFICAÇÃO DO NÚMERO DE CONTROLE | |
| Campo de Controle | BR-CuiBMT |
| 005 - DATA E HORA DA ÚLTIMA ATUALIZAÇÃO | |
| Campo de Controle | 20230926135109.0 |
| 008 - DADOS FIXOS | |
| Dados Fixos | 230712s2013 spb 001 0 por d |
| 020 ## - INTERNATIONAL STANDARD BOOK NUMBER | |
| Nº do ISBN | 9788522476176 |
| 040 ## - AGÊNCIA CATALOGADORA | |
| Código da Agência Catalogadora | BR-CuiBMT |
| Agência que transcreveu o registro | BR-CuiBMT |
| 080 ## - Nº DA CLASSIFICAÇÃO DECIMAL UNIVERSAL | |
| Nº Class. CDU | 342.9 |
| Nº edição CDU | 2007 |
| 090 ## - NÚMERO DE CHAMADA | |
| Nº classificação | 342.9 |
| Cutter | D596d |
| Ano/Edição | 26. ed. |
| 100 1# - ENTRADA PRINCIPAL -- AUTOR PESSOAL | |
| Nome pessoal | Di Pietro, Maria Sylvia Zanella |
| 245 10 - TÍTULO PRINCIPAL | |
| Título principal | Direito administrativo / |
| Indicação de responsabilidade | Maria Sylvia Zanella Di Pietro. |
| 250 ## - EDIÇÃO | |
| Edição | 26. ed. |
| 260 ## - PUBLICAÇÃO, DISTRIBUIÇÃO, ETC. | |
| Local de publicação | São Paulo : |
| Editora | Atlas, |
| Data | 2013. |
| 300 ## - DESCRIÇÃO FÍSICA | |
| N. páginas ou volumes | xl, 938 p. ; |
| Dimensões | 25 cm |
| 504 ## - NOTA DE BIBLIOGRAFIA, ETC. | |
| Nota de bibliografia | Inclui bibliografia e índice. |
| 650 ## - ASSUNTO TÓPICO | |
| Cabeçalho tópico ou nome geográfico | Direito administrativo |
| Subdivisão geográfica | Brasil |
| 650 ## - ASSUNTO TÓPICO | |
| Cabeçalho tópico ou nome geográfico | Direito administrativo |
| Subdivisão de forma | Legislação |
| 942 ## - ELEMENTOS DE ENTRADA ADICIONAIS (KOHA) | |
| Fonte de classificação ou esquema de arquivamento | Classificação Decimal Universal |
| Tipo de item do Koha | Livros |
| Estado: removido | Estado: perdido | Fonte de classificação ou esquema de arquivamento | Estado: danificado | Indisponível para empréstimo | Localização permanente | Localização atual | Data de aquisição | Fonte de aquisição | Total Checkouts | Número de Chamada completo | Código de barras | Date last seen | Número do exemplar | Preço efetivo a partir de | Tipo de item (Koha) |
|---|---|---|---|---|---|---|---|---|---|---|---|---|---|---|---|
| Classificação Decimal Universal | Biblioteca da Escola Superior de Contas do TCE/MT | Biblioteca da Escola Superior de Contas do TCE/MT | 02/04/2013 | Doação | 342.9 D596d 26. ed. | BIBTCEMT23070011 | 12/07/2023 | Ex. 1 | 02/04/2013 | Livros |